Most Bilingual Cities in Canada - Statistics

General Stats
  • This quiz has been taken 277 times
  • The average score is 8 of 12
Answer Stats
Hint Answer % Correct
52% Montreal
98%
38% Ottawa
93%
8% Toronto
91%
7.7% Vancouver
70%
7.8% Calgary
66%
7.6% Edmonton
65%
33% Quebec City
63%
6.5% Halifax
59%
11% Winnipeg
58%
62% Gatineau
46%
47% Moncton
41%
40% Sherbrooke
30%
No matching quizzes found
Score Distribution
Percent of People with Each Score
Percentile by Number Answered
Your Score History
You have not taken this quiz